[Event "Kandidatklassen 2014"]
[Site "Skorping"]
[Date "2014.04.15"]
[Round "1"]
[White "Andersen, Soren Mikkel"]
[Black "Jorgensen, Brian Jorgen"]
[Result "1-0"]
[WhiteElo "2099"]
[BlackElo "2274"]
[PlyCount "135"]
[EventDate "2014.??.??"]

1. d4 e6 2. c4 f5 3. g3 Nf6 4. Bg2 d5 5. Nf3 c6 6. O-O Bd6 7. b3 Qe7 8. Bb2 O-O
9. Qc1 b5 10. Ne5 Bb7 11. c5 Bxe5 12. dxe5 Ng4 13. f4 a5 14. Bd4 Nd7 15. Nd2 g5
16. Nf3 gxf4 17. gxf4 Kh8 18. a3 Rg8 19. h3 Nh6 20. b4 Qg7 21. Ne1 Qg3 22. Rf3
Qh4 23. Qc3 Nf8 24. Bf2 Qh5 25. Nc2 Bc8 26. bxa5 Ng6 27. Qe1 Nf7 28. Nd4 Bd7
29. Bg3 Nd8 30. a4 bxa4 31. Qb4 Ra7 32. Qxa4 Nh4 33. Bxh4 Qxh4 34. Qb4 Bc8 35.
Kh2 Rag7 36. Rg1 Ba6 37. Qc3 Bc4 38. Qe3 Qe7 39. Qa3 Qb7 40. Rff1 Qa6 41. Bf3
Qa7 42. Ra1 Ba6 43. Qb4 Qe7 44. Rxg7 Qxg7 45. Qe1 Qh6 46. e3 Nb7 47. Rc1 Bc4
48. Rc2 Nxc5 49. Rg2 Rxg2+ 50. Bxg2 Qf8 51. Nxc6 Qa8 52. Nd4 Qb7 53. Qh4 Qd7
54. Qh6 Qg7 55. Qh4 Qd7 56. Bf3 Ba6 57. Bh5 Kg8 58. Qg5+ Qg7 59. Qd8+ Qf8 60.
Qb6 Qh6 61. Qxc5 Qxh5 62. Qe7 Bf1 63. Qxe6+ Kh8 64. Qf6+ Kg8 65. Qxf5 Qh6 66.
Qe6+ Qxe6 67. Nxe6 Kf7 68. Nc7 1-0

[Event "Kandidatklassen 2014"]
[Site "Skorping"]
[Date "2014.04.15"]
[Round "1"]
[White "Bjerre, Tavs"]
[Black "Lauridsen, Jesper Morch"]
[Result "0-1"]
[WhiteElo "2053"]
[BlackElo "2239"]
[PlyCount "64"]
[EventDate "2014.??.??"]

1. d4 d5 2. c4 e6 3. Nc3 c5 4. cxd5 cxd4 5. Qa4+ Bd7 6. Qxd4 exd5 7. Qxd5 Nf6
8. Qd1 Bc5 9. e3 Qe7 10. Nf3 O-O 11. Be2 Rd8 12. O-O Nc6 13. a3 Ne5 14. b4 Bd6
15. Bb2 Rac8 16. Nd4 Neg4 17. g3 h5 18. Bf3 h4 19. Nd5 Nxd5 20. Bxd5 hxg3 21.
hxg3 Qe5 22. Qf3 Qh5 23. Qh1 Qg5 24. Qh4 Qxd5 25. Rad1 Ne5 26. f4 Ng6 27. Qh2
Qe4 28. Qf2 Bg4 29. Rd2 Be7 30. Nb3 Rxd2 31. Nxd2 Qc2 32. Rc1 Qxb2 0-1

[Event "Kandidatklassen 2014"]
[Site "Skorping"]
[Date "2014.04.15"]
[Round "1"]
[White "Christensen, Tobias"]
[Black "Schou Moldt, Thomas"]
[Result "1-0"]
[WhiteElo "2360"]
[BlackElo "2207"]
[PlyCount "63"]
[EventDate "2014.??.??"]

1. e4 g6 2. d4 d6 3. Nc3 Bg7 4. f4 Nf6 5. Nf3 O-O 6. e5 Nfd7 7. Bc4 Nb6 8. Bb3
Nc6 9. a4 dxe5 10. fxe5 Bg4 11. a5 Bxf3 12. gxf3 Nc8 13. Be3 e6 14. Ne4 Qh4+
15. Bf2 Qf4 16. c3 Bxe5 17. dxe5 Nxe5 18. Bg3 Qe3+ 19. Kf1 Nxf3 20. Nf6+ Kg7
21. Kg2 Rd8 22. Qxd8 Qe2+ 23. Bf2 Nh4+ 24. Kh3 Qf3+ 25. Bg3 Qg2+ 26. Kxh4 g5+
27. Kxg5 h6+ 28. Kg4 Nd6 29. Qxa8 Nf5 30. Nh5+ Kh7 31. Rae1 Ne7 32. Bxe6 1-0

[Event "Kandidatklassen 2014"]
[Site "Skorping"]
[Date "2014.04.15"]
[Round "1"]
[White "Hansen, Mads"]
[Black "Andersen, Morten"]
[Result "1-0"]
[WhiteElo "2337"]
[BlackElo "2146"]
[PlyCount "121"]
[EventDate "2014.??.??"]

1. e4 c6 2. d4 d5 3. exd5 cxd5 4. c4 Nf6 5. Nc3 Nc6 6. Bg5 dxc4 7. Bxc4 h6 8.
Bxf6 exf6 9. Nge2 Bd6 10. Qd2 O-O 11. O-O Bf5 12. Rac1 Rc8 13. Rfd1 Na5 14. Bd3
Nc4 15. Bxc4 Rxc4 16. Ng3 Bg6 17. Nce2 Qc7 18. a3 Rd8 19. Qe3 Bc2 20. Rd2 b5
21. Qf3 b4 22. axb4 Bg6 23. Rdd1 Bc2 24. b3 Bxd1 25. bxc4 Bxe2 26. Nxe2 Bxb4
27. c5 a5 28. Rb1 Qd7 29. h4 Qb5 30. c6 Re8 31. Nf4 Qf5 32. Nd3 Qxf3 33. gxf3
Bd6 34. Rb7 a4 35. Ra7 a3 36. Kf1 Kf8 37. Ne1 Rb8 38. Nc2 Rb1+ 39. Ke2 Rb2 40.
Kd3 a2 41. Ne3 Bb8 42. Ra8 Ke7 43. d5 g6 44. Nc4 Rxf2 45. Nd2 Bf4 46. Ra7+ Kd8
47. Rxa2 f5 48. Ra8+ Ke7 49. Nc4 Rxf3+ 50. Kd4 Bg3 51. Kc5 Rc3 52. Ra7+ Kf6 53.
c7 Bxc7 54. Rxc7 f4 55. Kd4 Rc1 56. d6 g5 57. Ne3 Ra1 58. Nd5+ Ke6 59. d7 Rd1+
60. Kc4 Rc1+ 61. Kb3 1-0

[Event "Kandidatklassen 2014"]
[Site "Skorping"]
[Date "2014.04.15"]
[Round "1"]
[White "Haubro, Martin"]
[Black "Strange, Mikkel"]
[Result "0-1"]
[WhiteElo "2159"]
[BlackElo "2355"]
[PlyCount "64"]
[EventDate "2014.??.??"]

1. d4 d5 2. c4 e6 3. Nc3 c5 4. cxd5 exd5 5. Nf3 Nc6 6. g3 Nf6 7. Bg2 Be7 8. O-O
O-O 9. dxc5 Bxc5 10. a3 Ne4 11. Qxd5 Nxc3 12. Qxc5 Nxe2+ 13. Kh1 Nxc1 14. Raxc1
Re8 15. b4 h6 16. b5 Na5 17. Rfd1 Qf6 18. Qb4 b6 19. Qd4 Qe7 20. Qf4 Be6 21.
Nd4 Rad8 22. Nxe6 Qxe6 23. Bf3 Nb3 24. Rb1 Nc5 25. Bc6 Nd3 26. Rxd3 Rxd3 27.
Bxe8 Qxe8 28. a4 Qd7 29. Qc4 Rd4 30. Qb3 Qf5 31. Rb2 Rd3 32. Qc2 Qf3+ 0-1

[Event "Kandidatklassen 2014"]
[Site "Skorping"]
[Date "2014.04.15"]
[Round "1"]
[White "Kolbak, Jens"]
[Black "Luther, Lasse"]
[Result "1/2-1/2"]
[WhiteElo "2229"]
[BlackElo "2021"]
[PlyCount "54"]
[EventDate "2014.??.??"]

1. e4 c5 2. Nf3 d6 3. Bb5+ Bd7 4. Bxd7+ Qxd7 5. O-O Nf6 6. Re1 Nc6 7. c3 e6 8.
d4 cxd4 9. cxd4 d5 10. e5 Ne4 11. Nbd2 Nxd2 12. Bxd2 Be7 13. a3 a5 14. Rc1 a4
15. Re3 O-O 16. Rec3 Rfc8 17. h4 Na7 18. g3 Rxc3 19. Rxc3 Rc8 20. Qc2 Rxc3 21.
Qxc3 b6 22. Qc2 Qc6 23. Qxc6 Nxc6 24. Kf1 Kf8 25. Ke2 Ke8 26. Kd3 Kd7 27. Ne1
Kc7 1/2-1/2

[Event "Kandidatklassen 2014"]
[Site "Skorping"]
[Date "2014.04.15"]
[Round "1"]
[White "Matthiesen, Martin"]
[Black "Thybo, Jesper Sondergaard"]
[Result "1-0"]
[WhiteElo "2300"]
[BlackElo "2123"]
[PlyCount "95"]
[EventDate "2014.??.??"]

1. d4 Nf6 2. c4 g6 3. Nc3 d5 4. cxd5 Nxd5 5. e4 Nxc3 6. bxc3 Bg7 7. Bc4 c5 8.
Ne2 Nc6 9. Be3 O-O 10. O-O Qc7 11. Rc1 e6 12. Qd2 b6 13. Bh6 Bb7 14. Rfd1 Rfd8
15. Bxg7 Kxg7 16. Qe3 Rac8 17. h4 Qe7 18. Qg3 Qc7 19. Qe3 Qe7 20. Qg3 Qc7 21.
Nf4 e5 22. Nd5 Qd6 23. Ne3 Kf8 24. d5 Na5 25. Be2 c4 26. h5 Re8 27. Qg5 Rc7 28.
g3 b5 29. Bg4 Bc8 30. Bxc8 Rcxc8 31. Qh6+ Ke7 32. Qg5+ Kd7 33. Ng4 Kc7 34. Nf6
Rh8 35. hxg6 hxg6 36. Kg2 Nb7 37. Rh1 Kb6 38. Ng4 f5 39. exf5 Qxd5+ 40. f3 Rxh1
41. Rxh1 gxf5 42. Qxf5 Re8 43. Rh6+ Kc7 44. Rh7+ Kc6 45. Nf6 Qd2+ 46. Kh3 Rb8
47. Qe4+ Kb6 48. Nd7+ 1-0

[Event "Kandidatklassen 2014"]
[Site "Skorping"]
[Date "2014.04.15"]
[Round "1"]
[White "Percivaldi, Martin"]
[Black "Korley, Kassa"]
[Result "0-1"]
[WhiteElo "2131"]
[BlackElo "2335"]
[PlyCount "84"]
[EventDate "2014.??.??"]

1. d4 Nf6 2. Nf3 e6 3. g3 d5 4. Bg2 Be7 5. O-O O-O 6. c4 dxc4 7. Ne5 c5 8. dxc5
Qc7 9. Nxc4 Qxc5 10. b3 Rd8 11. Qc2 Nc6 12. Ba3 Nb4 13. Qb2 Nfd5 14. e4 Nb6 15.
Nbd2 Nxc4 16. Nxc4 b5 17. Bxb4 Qxb4 18. a3 Qc5 19. e5 bxc4 20. b4 c3 21. Qb3
Qb6 22. Bxa8 Ba6 23. Bf3 Bxf1 24. Rxf1 Rc8 25. Rc1 Qd4 26. Qa4 Bg5 27. Rc2 Bd2
28. Qa6 Rd8 29. Qe2 g6 30. Kg2 h5 31. h4 Qd7 32. Qa6 Qd4 33. Qb5 Kg7 34. Ra2
Rc8 35. Rc2 Rc4 36. Be2 Qe4+ 37. Bf3 Qxc2 38. Qxc4 Be1 39. Qf4 Qxf2+ 40. Kh1
Qf1+ 41. Kh2 Qf2+ 42. Kh1 Qxg3 0-1

[Event "Kandidatklassen 2014"]
[Site "Skorping"]
[Date "2014.04.15"]
[Round "1"]
[White "Schultz Pedersen, Jesper"]
[Black "Dreisler, Tobias"]
[Result "1/2-1/2"]
[WhiteElo "2240"]
[BlackElo "2093"]
[PlyCount "26"]
[EventDate "2014.??.??"]

1. e4 c5 2. f4 g6 3. Nf3 Bg7 4. Nc3 Nc6 5. a3 e6 6. b4 b6 7. Bb2 Nge7 8. Qb1
O-O 9. Nb5 d5 10. Bxg7 Kxg7 11. e5 Ba6 12. c3 Qd7 13. a4 f6 1/2-1/2

[Event "Kandidatklassen 2014"]
[Site "Skorping"]
[Date "2014.04.15"]
[Round "1"]
[White "Thogersen, Rasmus"]
[Black "Ochsner, Bjorn Moller"]
[Result "0-1"]
[WhiteElo "2122"]
[BlackElo "2287"]
[PlyCount "78"]
[EventDate "2014.??.??"]

1. e4 e5 2. Nf3 Nc6 3. Bb5 a6 4. Ba4 Nf6 5. O-O Be7 6. Re1 b5 7. Bb3 d6 8. c3
O-O 9. h3 Nb8 10. d4 Nbd7 11. Nbd2 Bb7 12. Bc2 Re8 13. Nf1 Bf8 14. Ng3 g6 15.
a4 c6 16. Bg5 h6 17. Be3 Qc7 18. Qd2 Kh7 19. Nh2 Nb6 20. Qd1 Bg7 21. Bb3 exd4
22. Bxd4 c5 23. Bxf6 Bxf6 24. a5 Nc4 25. Bxc4 bxc4 26. Ng4 Bh4 27. Qd2 Bg5 28.
Qc2 h5 29. Nh2 Bf4 30. Ngf1 Re6 31. g3 Bh6 32. Nf3 Rae8 33. N1d2 Qc6 34. Re2 f5
35. Nxc4 Rxe4 36. Rxe4 Rxe4 37. Ncd2 Re7 38. Qa4 Qxa4 39. Rxa4 Bxd2 0-1

[Event "Kandidatklassen 2014"]
[Site "Skorping"]
[Date "2014.04.15"]
[Round "1"]
[White "Thuesen, Mogens Henrik"]
[Black "Mikkelsen, Nikolaj"]
[Result "0-1"]
[WhiteElo "2209"]
[BlackElo "2412"]
[PlyCount "126"]
[EventDate "2014.??.??"]

1. d4 Nf6 2. c4 Nc6 3. Nf3 e6 4. Bf4 Bb4+ 5. Nbd2 O-O 6. e3 Nh5 7. Bg5 Be7 8.
Bxe7 Qxe7 9. Ne5 Nf6 10. Nxc6 bxc6 11. Be2 c5 12. dxc5 Bb7 13. O-O Qxc5 14. b4
Qe7 15. Rb1 e5 16. Qc2 Kh8 17. Rfc1 Ng8 18. Bd3 f5 19. e4 fxe4 20. Bxe4 Rab8
21. Bxb7 Rxb7 22. c5 d5 23. cxd6 cxd6 24. Qc6 Nh6 25. Rc3 d5 26. Qc5 Qd8 27.
Rf3 Re8 28. Rc1 Ng4 29. Rg3 Nf6 30. b5 Qa5 31. Nb3 Qxa2 32. Qc6 Rbe7 33. h3 Qe2
34. Nc5 Qh5 35. Ra3 Qf7 36. Nd3 d4 37. f3 Nd5 38. Rca1 Rd8 39. Qc5 Rdd7 40. Nb4
Nxb4 41. Qxb4 h6 42. Qc5 Rc7 43. Qd6 Kh7 44. Kh1 Qf4 45. Ra6 Qf5 46. Rc6 Rcd7
47. Qc5 d3 48. Rd1 Qf4 49. Rd6 e4 50. Rxd7 Rxd7 51. Qc4 d2 52. Qxe4+ Qxe4 53.
fxe4 Kg6 54. Kg1 Kg5 55. g3 Kf6 56. Kf2 Ke5 57. Ke3 h5 58. Rxd2 Rxd2 59. Kxd2
Kxe4 60. Kc3 Kf3 61. Kc4 Kxg3 62. Kc5 Kxh3 63. Kc6 g5 0-1

[Event "Kandidatklassen 2014"]
[Site "Skorping"]
[Date "2014.04.16"]
[Round "2"]
[White "Andersen, Morten"]
[Black "Bjerre, Tavs"]
[Result "1/2-1/2"]
[WhiteElo "2146"]
[BlackElo "2053"]
[PlyCount "90"]
[EventDate "2014.??.??"]

1. d4 Nf6 2. c4 g6 3. g3 Bg7 4. Bg2 O-O 5. Nc3 d6 6. Nf3 Nbd7 7. O-O e5 8. e4
exd4 9. Nxd4 Re8 10. h3 Nc5 11. Re1 a5 12. Qc2 a4 13. Be3 c6 14. Rad1 Qa5 15.
Bf4 Bf8 16. Be3 Bd7 17. f4 Rad8 18. Bf2 Bc8 19. g4 h5 20. Bh4 Be7 21. e5 dxe5
22. fxe5 Nh7 23. Bxe7 Rxe7 24. gxh5 gxh5 25. Nf5 Bxf5 26. Qxf5 Rde8 27. Qxh5
Qc7 28. e6 Rxe6 29. Rxe6 Nxe6 30. Kh1 Ng7 31. Qh4 Qe5 32. Rg1 Kh8 33. Ne4 Qh5
34. Qxh5 Nxh5 35. Nd6 Re7 36. b4 axb3 37. axb3 N7f6 38. b4 Nf4 39. Bf1 Ne4 40.
Nf5 Re5 41. Nh6 Re7 42. c5 Kh7 43. Nf5 Rd7 44. Bg2 Nxg2 45. Kxg2 Kg6 1/2-1/2

[Event "Kandidatklassen 2014"]
[Site "Skorping"]
[Date "2014.04.16"]
[Round "2"]
[White "Dreisler, Tobias"]
[Black "Kolbak, Jens"]
[Result "1/2-1/2"]
[WhiteElo "2093"]
[BlackElo "2229"]
[PlyCount "92"]
[EventDate "2014.??.??"]

1. e4 e5 2. Nf3 Nc6 3. d4 exd4 4. Nxd4 Bc5 5. Nb3 Bb4+ 6. c3 Be7 7. Bf4 d6 8.
c4 Nf6 9. Nc3 O-O 10. Be2 Re8 11. O-O Bf8 12. f3 h6 13. Qd2 Bd7 14. Rfd1 Ne5
15. c5 Qe7 16. cxd6 cxd6 17. Nd4 a6 18. Nc2 Be6 19. Ne3 Rac8 20. Bg3 b5 21. Qd4
Qb7 22. a3 Nc6 23. Qd2 Bb3 24. Re1 Ne5 25. Bh4 g5 26. Bf2 Be6 27. h4 Ng6 28.
hxg5 hxg5 29. g3 g4 30. f4 Nxe4 31. Nxe4 Qxe4 32. Bxg4 Nxf4 33. gxf4 Qxf4 34.
Qd1 Qg5 35. Kf1 Bg7 36. Bxe6 fxe6 37. Rc1 Rxc1 38. Qxc1 Rf8 39. b3 d5 40. Qc5
Qg6 41. Qd6 Rf6 42. Rd1 Qe4 43. Ke1 Qh1+ 44. Nf1 Qe4+ 45. Ne3 Rf8 46. Qc6 Qh1+
1/2-1/2

[Event "Kandidatklassen 2014"]
[Site "Skorping"]
[Date "2014.04.16"]
[Round "2"]
[White "Jacobsen, Mikkel Manosri"]
[Black "Thuesen, Mogens Henrik"]
[Result "0-1"]
[WhiteElo "2102"]
[BlackElo "2209"]
[PlyCount "66"]
[EventDate "2014.??.??"]

1. d4 d6 2. Nf3 g6 3. Bf4 Bg7 4. e3 Nd7 5. c4 Nh6 6. h3 O-O 7. Nc3 e5 8. Bh2 f5
9. Be2 Nf7 10. Qc2 b6 11. a4 Bb7 12. a5 Ng5 13. d5 Nxf3+ 14. Bxf3 Qg5 15. Nb5
Qd8 16. O-O a6 17. Nc3 Qe7 18. axb6 cxb6 19. Qb3 Rab8 20. Na4 Kh8 21. Rfd1 Bc8
22. Be2 g5 23. Qc2 b5 24. cxb5 axb5 25. Nc3 b4 26. Nb5 Nc5 27. Qc4 Ba6 28. Rxa6
Nxa6 29. Qc6 Nc5 30. Nxd6 Rf6 31. Nc8 Qf8 32. d6 Rxc8 33. Qd5 Nd7 0-1

[Event "Kandidatklassen 2014"]
[Site "Skorping"]
[Date "2014.04.16"]
[Round "2"]
[White "Jorgensen, Brian Jorgen"]
[Black "Percivaldi, Martin"]
[Result "1-0"]
[WhiteElo "2274"]
[BlackElo "2131"]
[PlyCount "95"]
[EventDate "2014.??.??"]

1. d4 Nf6 2. c4 c5 3. d5 g6 4. Nc3 Bg7 5. e4 d6 6. h3 O-O 7. Bd3 e6 8. Nf3 Na6
9. O-O Nc7 10. a4 b6 11. Bg5 h6 12. Be3 e5 13. Qd2 Kh7 14. Nh2 Qe7 15. f4 exf4
16. Rxf4 Nd7 17. b3 Ne5 18. Bc2 Bd7 19. Raf1 Na6 20. R4f2 Nb4 21. Bb1 a6 22.
Nf3 Nxf3+ 23. Rxf3 Rab8 24. Kh1 Rbd8 25. Nd1 Rc8 26. Bg1 b5 27. a5 bxc4 28.
bxc4 Be5 29. Ne3 f6 30. Bh2 Kg7 31. Bf4 Bxf4 32. Rxf4 Qe5 33. Qf2 Rce8 34. Rf3
Re7 35. Rg3 g5 36. Rf3 Ree8 37. Nf5+ Bxf5 38. Rxf5 Qd4 39. Qf3 Re7 40. e5 dxe5
41. Rxf6 e4 42. Rg6+ Kxg6 43. Qxf8 Qe5 44. d6 Rg7 45. Rf6+ Kh7 46. d7 Qa1 47.
d8=Q Qxb1+ 48. Kh2 1-0

[Event "Kandidatklassen 2014"]
[Site "Skorping"]
[Date "2014.04.16"]
[Round "2"]
[White "Korley, Kassa"]
[Black "Petersen, Tom Petri"]
[Result "1-0"]
[WhiteElo "2335"]
[BlackElo "2282"]
[PlyCount "57"]
[EventDate "2014.??.??"]

1. b3 e5 2. Bb2 Nc6 3. e3 Nf6 4. c4 Be7 5. Nc3 O-O 6. g4 d6 7. h3 Be6 8. Nf3 e4
9. Ng5 d5 10. Nxe6 fxe6 11. g5 Nd7 12. cxd5 Nde5 13. d3 exd5 14. dxe4 d4 15. f4
Bb4 16. exd4 Rxf4 17. dxe5 Rxe4+ 18. Be2 Nd4 19. O-O Nxe2+ 20. Nxe2 Qxg5+ 21.
Kh1 Rd8 22. Nd4 Re3 23. Qg4 Qxe5 24. Nf5 Qe4+ 25. Qxe4 Rxe4 26. Bxg7 Rd3 27. h4
Re2 28. Bd4 Rdd2 29. Nh6# 1-0

[Event "Kandidatklassen 2014"]
[Site "Skorping"]
[Date "2014.04.16"]
[Round "2"]
[White "Lauridsen, Jesper Morch"]
[Black "Hansen, Mads"]
[Result "0-1"]
[WhiteElo "2239"]
[BlackElo "2337"]
[PlyCount "142"]
[EventDate "2014.??.??"]

1. e4 e5 2. Nf3 Nc6 3. d4 exd4 4. c3 d5 5. exd5 Qxd5 6. cxd4 Bg4 7. Be2 Bb4+ 8.
Nc3 Bxf3 9. Bxf3 Qc4 10. Bxc6+ bxc6 11. Qe2+ Qxe2+ 12. Kxe2 Ne7 13. Be3 Kd7 14.
Rac1 Rhb8 15. Rhd1 Nd5 16. Kf3 Rb7 17. Rc2 Bd6 18. b3 Re8 19. g3 Re6 20. Rdc1
Rb8 21. Nd1 Ba3 22. Rb1 a5 23. Nc3 Rbe8 24. Bf4 Nb4 25. Rd2 Re1 26. Be5 Rxb1
27. Nxb1 Bc1 28. Rd1 Bh6 29. Nc3 f6 30. Bf4 Bxf4 31. gxf4 f5 32. d5 c5 33. Rd2
Re1 34. Nb5 Rc1 35. d6 c6 36. Na3 Rc3+ 37. Ke2 Nd5 38. Nc4 Rh3 39. Nxa5 Kxd6
40. Nb7+ Ke7 41. Nxc5 Rxh2 42. a4 Rh1 43. a5 Nxf4+ 44. Ke3 Nd5+ 45. Kf3 Ra1 46.
a6 Kd6 47. Na4 Kc7 48. Rc2 Re1 49. b4 Ra1 50. Nc5 Ra3+ 51. Kg2 g6 52. Ne6+ Kd6
53. Nf8 Rxa6 54. Nxh7 Nxb4 55. Rd2+ Ke7 56. Re2+ Kf7 57. Ng5+ Kg7 58. Ne6+ Kf6
59. Nc5 Ra5 60. Nd7+ Kg5 61. Re6 c5 62. Nf8 Ra6 63. Kg3 f4+ 64. Kg2 Kf5 65. Re2
c4 66. Nd7 Ra5 67. Nb6 c3 68. Nc4 Rd5 69. Na3 Rc5 70. Re1 c2 71. Rc1 Nd3 0-1

[Event "Kandidatklassen 2014"]
[Site "Skorping"]
[Date "2014.04.16"]
[Round "2"]
[White "Luther, Lasse"]
[Black "Schultz Pedersen, Jesper"]
[Result "1/2-1/2"]
[WhiteElo "2021"]
[BlackElo "2240"]
[PlyCount "92"]
[EventDate "2014.??.??"]

1. d4 d5 2. c4 e5 3. dxe5 d4 4. Nf3 Nc6 5. a3 a5 6. Nbd2 Bc5 7. g3 Nge7 8. Bg2
Ra6 9. O-O O-O 10. Nb3 Ba7 11. c5 Nf5 12. Bg5 Qe8 13. Nbxd4 Ncxd4 14. Nxd4 Qxe5
15. Nxf5 Qxf5 16. Bf4 Bxc5 17. Bxc7 Rf6 18. Bf4 g5 19. e4 Qg6 20. Be5 Re6 21.
Bc3 h5 22. Qd5 Be7 23. Rad1 b6 24. Qf5 Qh6 25. e5 h4 26. Qe4 hxg3 27. fxg3 Kg7
28. g4 Ba6 29. Rf3 Rh8 30. Rh3 Qxh3 31. Bxh3 Rxh3 32. Rd2 Bb5 33. Qg2 Re3 34.
Bd4 Re1+ 35. Kf2 Rc1 36. Kg3 Bc6 37. Qe2 Rh6 38. e6+ f6 39. Be3 Rh1 40. Rd1 Rh8
41. Rxh1 Bd6+ 42. Kf2 Bxh1 43. Kg1 Bd5 44. Qd2 Bxh2+ 45. Qxh2 Rxh2 46. Kxh2
Bxe6 1/2-1/2

[Event "Kandidatklassen 2014"]
[Site "Skorping"]
[Date "2014.04.16"]
[Round "2"]
[White "Mikkelsen, Nikolaj"]
[Black "Matthiesen, Martin"]
[Result "1-0"]
[WhiteElo "2412"]
[BlackElo "2300"]
[PlyCount "41"]
[EventDate "2014.??.??"]

1. e4 e5 2. Nf3 Nc6 3. d4 exd4 4. Nxd4 Bc5 5. Nb3 Bb6 6. Nc3 Nf6 7. Qe2 O-O 8.
Bg5 h6 9. Bh4 Re8 10. O-O-O g5 11. Bg3 Qe7 12. h4 Ne5 13. hxg5 hxg5 14. Nd5
Nxd5 15. Bxe5 Qxe5 16. Rxd5 Qf4+ 17. Nd2 d6 18. Qh5 Kf8 19. Bc4 Re5 20. Rxe5
dxe5 21. Bxf7 1-0

[Event "Kandidatklassen 2014"]
[Site "Skorping"]
[Date "2014.04.16"]
[Round "2"]
[White "Ochsner, Bjorn Moller"]
[Black "Christensen, Tobias"]
[Result "0-1"]
[WhiteElo "2287"]
[BlackElo "2360"]
[PlyCount "82"]
[EventDate "2014.??.??"]

1. e4 c6 2. d4 d5 3. Nc3 dxe4 4. Nxe4 Nf6 5. Nxf6+ exf6 6. c3 Bd6 7. Bd3 O-O 8.
Qc2 Re8+ 9. Ne2 f5 10. Bxf5 Bxf5 11. Qxf5 Nd7 12. Qd3 Qh4 13. Be3 Nf6 14. O-O-O
Ng4 15. Ng3 Rxe3 16. fxe3 Nf2 17. Qe2 Nxh1 18. Nf5 Qf2 19. Qg4 g6 20. Nxd6
Qxe3+ 21. Rd2 Nf2 22. Qg3 Qxg3 23. hxg3 Nh1 24. Nxb7 Nxg3 25. c4 Ne4 26. Rd3 h5
27. Na5 Rc8 28. b4 h4 29. c5 Kf8 30. Nc4 g5 31. Re3 f5 32. Ne5 Ke7 33. Ra3 Rc7
34. Ra6 Ke6 35. Nxc6 Kd5 36. b5 g4 37. Ra3 g3 38. Re3 f4 39. Re1 h3 40. Nb4+
Kxd4 41. Nc6+ Kxc5 0-1

[Event "Kandidatklassen 2014"]
[Site "Skorping"]
[Date "2014.04.16"]
[Round "2"]
[White "Schou Moldt, Thomas"]
[Black "Thogersen, Rasmus"]
[Result "1-0"]
[WhiteElo "2207"]
[BlackElo "2122"]
[PlyCount "77"]
[EventDate "2014.??.??"]

1. d4 Nf6 2. Nf3 e6 3. g3 b6 4. Bg2 Bb7 5. O-O Be7 6. Re1 O-O 7. c4 c5 8. d5
exd5 9. Nh4 Ne4 10. cxd5 Bxh4 11. Bxe4 Bg5 12. Nc3 Bxc1 13. Qxc1 d6 14. Qf4 a6
15. Nd1 Nd7 16. Ne3 Qf6 17. Qf5 Qxf5 18. Nxf5 Nf6 19. Bg2 Rad8 20. e4 Rfe8 21.
f4 g6 22. Nxd6 Rxd6 23. e5 Rd7 24. exf6 Red8 25. Rad1 Kf8 26. Re7 Ba8 27. Rxd7
Rxd7 28. d6 Bxg2 29. Kxg2 Ke8 30. Kf3 Rd8 31. Re1+ Kf8 32. Rd1 Ke8 33. Kg4 Kd7
34. Kg5 Ke6 35. Re1+ Kxd6 36. Kh6 Kd7 37. Re7+ Kd6 38. Kg7 c4 39. Kxf7 1-0

[Event "Kandidatklassen 2014"]
[Site "Skorping"]
[Date "2014.04.16"]
[Round "2"]
[White "Strange, Mikkel"]
[Black "Andersen, Soren Mikkel"]
[Result "1-0"]
[WhiteElo "2355"]
[BlackElo "2099"]
[PlyCount "147"]
[EventDate "2014.??.??"]

1. e4 c5 2. c3 Nf6 3. e5 Nd5 4. d4 cxd4 5. cxd4 d6 6. Bc4 Nb6 7. Bb5+ Nc6 8.
Nf3 a6 9. Bxc6+ bxc6 10. O-O Bf5 11. Nc3 e6 12. Bg5 Be7 13. Bxe7 Qxe7 14. Qb3
Rb8 15. Na4 O-O 16. Nxb6 Qd8 17. exd6 Qxb6 18. Qxb6 Rxb6 19. b3 Rb4 20. Rfc1
Be4 21. a3 Rb6 22. Ne5 Rd8 23. Nc4 Rb5 24. Rc3 f6 25. Rac1 Rg5 26. g3 Rd5 27.
Nd2 Bf5 28. Rxc6 R5xd6 29. Nf1 Be4 30. Rxd6 Rxd6 31. Rc4 Bd5 32. Rc3 Be4 33. f3
Bg6 34. Rc4 Bd3 35. Rb4 Rc6 36. Nd2 Rc2 37. Ne4 Rc1+ 38. Kf2 Rc2+ 39. Ke3 Bb5
40. h4 Re2+ 41. Kf4 h6 42. h5 Bc6 43. Rb6 Bd5 44. Nc3 Rd2 45. Nxd5 Rxd4+ 46.
Ke3 Rxd5 47. Rxa6 Rxh5 48. Rxe6 Rh1 49. Rb6 Re1+ 50. Kf2 Ra1 51. a4 h5 52. Rb5
Ra3 53. a5 g5 54. b4 Kf7 55. Rb6 Ra2+ 56. Kf1 Ra1+ 57. Ke2 Ra2+ 58. Kd3 Ra3+
59. Ke4 h4 60. gxh4 gxh4 61. Kf4 Kg6 62. Kg4 h3 63. Kxh3 Rxf3+ 64. Kg4 Rf1 65.
a6 Ra1 66. Kf4 Ra4 67. Kg4 Ra1 68. b5 Ra4+ 69. Kf3 Kf5 70. Ke3 Ke5 71. Rb7 Ra3+
72. Kd2 Kd4 73. a7 Ra2+ 74. Ke1 1-0

[Event "Kandidatklassen 2014"]
[Site "Skorping"]
[Date "2014.04.16"]
[Round "2"]
[White "Thybo, Jesper Sondergaard"]
[Black "Haubro, Martin"]
[Result "0-1"]
[WhiteElo "2123"]
[BlackElo "2159"]
[PlyCount "92"]
[EventDate "2014.??.??"]

1. d4 Nf6 2. c4 c5 3. d5 e6 4. Nc3 exd5 5. cxd5 Bd6 6. e4 O-O 7. f4 Nxe4 8.
Nxe4 Re8 9. Qe2 Bf8 10. g4 b6 11. Nh3 Bb7 12. Bg2 Bxd5 13. O-O Nc6 14. Nhg5 Be7
15. Rd1 Nd4 16. Qd3 Bc6 17. Be3 h6 18. Nf3 Bb5 19. Qd2 Be2 20. Nxd4 Bxd1 21.
Rxd1 cxd4 22. Bxd4 Rc8 23. f5 d5 24. Nc3 Bc5 25. Nxd5 Qh4 26. Bxc5 Rxc5 27. Bf3
h5 28. g5 Qh3 29. Bg2 Qg4 30. h3 Qg3 31. g6 fxg6 32. f6 Qe5 33. Rf1 Rf8 34. Qd3
Kh7 35. f7 Qg5 36. h4 Qxh4 37. Nf4 Rf5 38. Qd6 R8xf7 39. Qxg6+ Kg8 40. Nh3 Qd4+
41. Kh2 Rxf1 42. Bxf1 Rxf1 43. Qe8+ Rf8 44. Qxh5 Qxb2+ 45. Kg3 Qa3+ 46. Kh4 Qf3
0-1

[Event "Kandidatklassen 2014"]
[Site "Skorping"]
[Date "2014.04.17"]
[Round "3"]
[White "Andersen, Soren Mikkel"]
[Black "Lauridsen, Jesper Morch"]
[Result "0-1"]
[WhiteElo "2099"]
[BlackElo "2239"]
[PlyCount "80"]
[EventDate "2014.??.??"]

1. d4 e6 2. c4 d5 3. Nc3 c5 4. cxd5 exd5 5. Nf3 Nc6 6. g3 Nf6 7. Bg2 Be7 8. O-O
O-O 9. Be3 c4 10. Ne5 Be6 11. Nxc4 dxc4 12. d5 Nxd5 13. Nxd5 Bf6 14. Nxf6+ Qxf6
15. Bxc6 bxc6 16. Bd4 Qf5 17. Bc3 Rad8 18. Qc1 Rfe8 19. Qf4 Qh5 20. Rfd1 Bd5
21. e4 Be6 22. Rxd8 Rxd8 23. Re1 h6 24. h4 Rd3 25. Qb8+ Kh7 26. Qxa7 Qf3 27.
Kh2 g5 28. hxg5 Qh5+ 29. Kg1 Bh3 30. g6+ Kxg6 31. Qb8 Qf3 32. Qg8+ Kh5 33. g4+
Kh4 34. Bf6+ Qxf6 35. Qh7 Bxg4 36. e5 Qg5 37. Qe4 Kh5 38. Kh2 Rh3+ 39. Kg2 Bf3+
40. Kxh3 Qg2# 0-1

[Event "Kandidatklassen 2014"]
[Site "Skorping"]
[Date "2014.04.17"]
[Round "3"]
[White "Christensen, Tobias"]
[Black "Korley, Kassa"]
[Result "0-1"]
[WhiteElo "2360"]
[BlackElo "2335"]
[PlyCount "86"]
[EventDate "2014.??.??"]

1. e4 e5 2. Nf3 Nc6 3. d4 exd4 4. Nxd4 Bb4+ 5. c3 Bc5 6. Nxc6 bxc6 7. Bd3 Qh4
8. Qe2 Nf6 9. h3 O-O 10. g3 Qh5 11. Qxh5 Nxh5 12. Nd2 d5 13. Kf1 Re8 14. Kg2
Nf6 15. f3 a5 16. exd5 cxd5 17. Nb3 Bb6 18. Bg5 a4 19. Nd4 c5 20. Bxf6 gxf6 21.
Bb5 Ba6 22. Bxe8 Rxe8 23. Nf5 Re2+ 24. Kg1 Bd3 25. g4 c4+ 26. Nd4 Rxb2 27. Rh2
a3 28. Rf2 Bxd4 29. cxd4 c3 30. Rc1 c2 31. Kg2 Rb1 32. Rcxc2 Bxc2 33. Rxc2 Rb2
34. Rf2 Kf8 35. Kf1 Ke7 36. Ke1 f5 37. Re2+ Kf6 38. f4 Rxe2+ 39. Kxe2 fxg4 40.
hxg4 Kg6 41. Kf3 h6 42. f5+ Kg5 43. Kg3 f6 0-1

[Event "Kandidatklassen 2014"]
[Site "Skorping"]
[Date "2014.04.17"]
[Round "3"]
[White "Dreisler, Tobias"]
[Black "Jorgensen, Brian Jorgen"]
[Result "0-1"]
[WhiteElo "2093"]
[BlackElo "2274"]
[PlyCount "74"]
[EventDate "2014.??.??"]

1. e4 e6 2. d4 d5 3. Nd2 Be7 4. Bd3 c5 5. dxc5 Nf6 6. Qe2 Nc6 7. Ngf3 O-O 8.
O-O a5 9. c3 a4 10. Nd4 Nxd4 11. cxd4 dxe4 12. Nxe4 Qxd4 13. Bg5 h6 14. Bh4 g5
15. Bg3 Nxe4 16. Bxe4 f5 17. Bxb7 Bxb7 18. Qxe6+ Rf7 19. Be5 Qd5 20. Qg6+ Kf8
21. Qxh6+ Ke8 22. c6 Bxc6 23. f3 Ra6 24. Rfe1 Bb7 25. Qh5 Re6 26. Bg7 Bc5+ 27.
Kh1 g4 28. Qh8+ Kd7 29. Red1 gxf3 30. Rxd5+ Bxd5 31. h4 f2 32. Bc3 Rfe7 33. Rf1
Re1 34. Bxe1 fxe1=Q 35. Rxe1 Rxe1+ 36. Kh2 Bd6+ 37. Kh3 Rh1# 0-1